Cultural anthropology

With an emphasis on the diversity of cultures around the world, this textbook introduces undergraduates to the study of cultural anthropology. Pedagogical tools include chapter summaries, highlighted key terms, and critical thinking questions. The 9th edition features a new chapter on the evolutiona...

Celý popis

Uloženo v:
Podrobná bibliografie
Hlavní autor: Kottak, Conrad Phillip
Médium: Kniha
Jazyk:Undetermined
Vydáno: Boston McGraw-Hill 2002
Témata:
Tagy: Přidat tag
Žádné tagy, Buďte první, kdo otaguje tento záznam!
Thư viện lưu trữ: Trung tâm Học liệu Trường Đại học Cần Thơ
LEADER 00880nam a2200205Ia 4500
001 CTU_116834
008 210402s9999 xx 000 0 und d
082 |a 306 
082 |b K87 
100 |a Kottak, Conrad Phillip 
245 0 |a Cultural anthropology 
245 0 |c Conrad Phillip Kottak 
260 |a Boston 
260 |b McGraw-Hill 
260 |c 2002 
520 |a With an emphasis on the diversity of cultures around the world, this textbook introduces undergraduates to the study of cultural anthropology. Pedagogical tools include chapter summaries, highlighted key terms, and critical thinking questions. The 9th edition features a new chapter on the evolutionary origins of human culture. 
650 |a Ethnology 
904 |i Giang 
910 |a Sách có kèmt heo đĩa số: AV.003694, AV.003693 
980 |a Trung tâm Học liệu Trường Đại học Cần Thơ